• 首页
  • 本馆介绍
  • 公告通知
  • 最新文献
  • 馆藏检索
  • 电子资源
  • 读者导购
  • 参考咨询
  • 我的图书馆
  • 登录
  • 详细信息显示
  • 放入我的书架
  • 预约/预借图书
  • 作者相关作品
  • 分类相关作品
  • 丛书相关作品
  • 出版社相关作品

书目信息

  • 表格格式
  • 工作单格式
  • 卡片格式
题名:
儿童音乐绘画新天地
    
 
作者: 倪斯杰 主编
分册:  
出版信息: 北京   中国大地出版社  1997
页数: 246页
开本: 20cm
丛书名: 家庭素质教育丛书
单 册:
中图分类: G610 , G4
科图分类:
主题词: 学前儿童--智力开发 , 学前儿童 , 智力开发 , 教育
电子资源:
ISBN: 7-80097-150-3
000 00818oam2 2200289 450
001 1567691162
005 20150208213647.40
010    @a7-80097-150-3@dCNY16.00
100    @a19980424d1997 em y0chiy0110 ea
101 0  @achi
102    @aCN@b110000
105    @ay z 000yy
200 1  @a儿童音乐绘画新天地@Aer tong yin yue hui hua xin tian di@9er tong zhi neng kai fa xin gai nian@f倪斯杰等主编
210    @a北京@c中国大地出版社@d1997
215    @a246页@d20cm
225 2  @a家庭素质教育丛书@i学前系列
461  0 @12001 @a家庭素质教育丛书
462  0 @12001 @a学前系列
606 0  @a学前儿童@x智力开发
606 0  @a学前儿童
606 0  @a智力开发
606 0  @a教育
690    @aG610@v5
690    @aG4@v4
701  0 @a倪斯杰@9ni si jie@4主编
801  0 @aCN@bTSSF@c20150208
905    @aZUCC@dG4@eJY244
    
    儿童音乐绘画新天地/倪斯杰等主编.-北京:中国大地出版社,1997
    246页;20cm.-(家庭素质教育丛书.学前系列)
    
    
    ISBN 7-80097-150-3:CNY16.00
    
●
相关链接 在E读中查询图书 在五车中查询图书 在当当中查询图书 在豆瓣中查询图书


正题名:儿童音乐绘画新天地     索取号:G4/JY244         预约/预借

序号 登录号 条形码 馆藏地/架位号 状态 备注
1 7839553   278395531   学院路分馆/ [索取号:G4/JY244] 在馆    
唐山师范学院图书馆 欢迎您!
大连网信软件有限公司© 版权所有